Banner

Código nacional de tránsito terrestre automotor y suplemento normativo : (Record no. 1226)

MARC details
000 -LEADER
campo de control de longitud fija 01340nam a22003497a 4500
001 - NÚMERO DE CONTROL
campo de control 004389
003 - IDENTIFICADOR DE NÚMERO DE CONTROL
campo de control CoMeUDC004389
005 - FECHA Y HORA DE LA ÚLTIMA TRANSACCIÓN
campo de control 20211027173959.0
008 - DATOS DE LONGITUD FIJA--INFORMACIÓN GENERAL
campo de control de longitud fija 110124s2010 ck grl 00110 spa d
015 ## - NÚMERO DE BIBLIOGRAFÍA NACIONAL
Número de bibliografía nacional ck-2010-xxxx
020 ## - NÚMERO INTERNACIONAL ESTÁNDAR DEL LIBRO
ISBN cancelado o inválido 9588336565
040 ## - FUENTE DE CATALOGACIÓN
Centro catalogador/agencia de origen CO-BoBLA
Lengua de catalogación spa
Centro/agencia transcriptor CO-UdeC
041 0# - CÓDIGO DE IDIOMA
Código de lengua del texto/banda sonora o título independiente spa
043 ## - CÓDIGO DE ÁREA GEOGRÁFICA
Código de área geográfica s-ck---
082 04 - NÚMERO DE LA CLASIFICACIÓN DECIMAL DEWEY
Número de clasificación 388.31
Número de ítem D542
100 ## - ENTRADA PRINCIPAL--NOMBRE DE PERSONA
9 (RLIN) 1555
Nombre de persona Díaz Mora, Luis Carlos.
130 1# - ENTRADA PRINCIPAL--TÍTULO UNIFORME
Título uniforme Colombia.
240 10 - TÍTULO UNIFORME
Título uniforme Código nacional de tránsito terrestre
245 10 - MENCIÓN DEL TÍTULO
Título Código nacional de tránsito terrestre automotor y suplemento normativo :
Resto del título Ley 769 de 2002, Ley 1383 de 2010 y demás normativa vigente en materia de tránsito terrestre /
Mención de responsabilidad, etc. Luis Carlos Díaz Mora.
260 ## - PUBLICACIÓN, DISTRIBUCIÓN, ETC.
Lugar de publicación, distribución, etc. Bogotá :
Nombre del editor, distribuidor, etc. Librería Jurídica Sánchez R.,
Fecha de publicación, distribución, etc. 2010.
300 ## - DESCRIPCIÓN FÍSICA
Extensión 495 p. ;
Dimensiones 24 cm.
500 ## - NOTA GENERAL
Nota general Resolución 004775 de 2009 manuales de trámites para el registro o matrícula de vehículos.
504 ## - NOTA DE BIBLIOGRAFÍA, ETC.
Nota de bibliografía, etc. Nota Incluye índice
630 10 - PUNTO DE ACCESO ADICIONAL DE MATERIA--TÍTULO UNIFORME
Título uniforme Ley 769 de 2002.
630 10 - PUNTO DE ACCESO ADICIONAL DE MATERIA--TÍTULO UNIFORME
Título uniforme Ley 1383 de 2010.
630 #0 - PUNTO DE ACCESO ADICIONAL DE MATERIA--TÍTULO UNIFORME
Título uniforme Resolución 004775 de 2009.
9 (RLIN) 1551
650 #0 - PUNTO DE ACCESO ADICIONAL DE MATERIA--TÉRMINO DE MATERIA
Término de materia o nombre geográfico como elemento de entrada Trársito
Subdivisión general Legislación
Subdivisión geográfica Colombia.
9 (RLIN) 1552
650 #0 - PUNTO DE ACCESO ADICIONAL DE MATERIA--TÉRMINO DE MATERIA
Término de materia o nombre geográfico como elemento de entrada Legislación en transporte
Subdivisión geográfica Colombia.
9 (RLIN) 1553
650 ## - PUNTO DE ACCESO ADICIONAL DE MATERIA--TÉRMINO DE MATERIA
Término de materia o nombre geográfico como elemento de entrada Empresas de transporte
Subdivisión general Legislación
Subdivisión geográfica Colombia.
650 #0 - PUNTO DE ACCESO ADICIONAL DE MATERIA--TÉRMINO DE MATERIA
Término de materia o nombre geográfico como elemento de entrada Trámites
Subdivisión general Vehículos
-- Legislación
Subdivisión geográfica Colombia.
9 (RLIN) 1554
942 ## - ELEMENTOS DE ENTRADA SECUNDARIOS (KOHA)
Fuente del sistema de clasificación o colocación Clasificación Decimal Dewey
Tipo de ítem Koha Libros
Holdings
Estatus retirado Estado de pérdida Fuente del sistema de clasificación o colocación Estado de daño No para préstamo Colección Biblioteca de origen Biblioteca actual Fecha de adquisición Fuente de adquisición Signatura topográfica completa Código de barras Visto por última vez Copia número Precio de reemplazo Tipo de ítem Koha
    Clasificación Decimal Dewey     Colección general U DE COLOMBIA - Biblioteca U DE COLOMBIA - Biblioteca 06/02/2019 Donación 388.31 D542 Ej. 1 004389 06/02/2019 1 06/02/2019 Libros
    Clasificación Decimal Dewey     Colección general U DE COLOMBIA - Biblioteca U DE COLOMBIA - Biblioteca 06/02/2019 Donación 388.31 D542 Ej. 2 004407 06/02/2019 2 06/02/2019 Libros


Biblioteca Académica Corporación Universitaria U DE COLOMBIA | Teléfono: +(57) (4) 2398080 ext. 1112 | E-mail: biblioteca@udecolombia.edu.co | Dirección: Calle 56 Nº 41 – 147 (Bolivia con Girardot)
Horario de atención: lunes a viernes 8:00 a.m. a 8:00 p.m. - sábados 8:00 a.m. a 4:00 p.m.
Implementado por Grupo EGS.

Powered by Koha